000 00715nam a2200265 i 4500
001 bg
100 1 _aPOHL, Alison
245 1 0 _aAccounting /
_cAlison Pohl.
260 _aLondon :
_bPenguin Books,
_c1997.
300 _a86, [6] s. :
_brys., wykr. ;
_c23 cm.
490 1 _aTest Your Business English
504 _aIndex.
521 _aFor intermediate students.
650 9 _aRachunkowość
_xsłownictwo
650 9 _aJęzyk angielski
655 _aPodręczniki akademickie
830 _aTest Your Business English
020 _a0140816240
040 _cBPK
041 0 _aen
080 _a811.111(075.8):657
920 _a0-14-081624-0
942 _cKS
008 s pl f |000 0 pol
999 _c32722
_d32722
856 _uhttp://koha.tu.koszalin.pl/cgi-bin/koha/opac-detail.pl?biblionumber=32722
_yKatalog online BPK